| 000 | 01404nam a2200349 i 4500 | ||
|---|---|---|---|
| 001 | 14059902 | ||
| 003 | EG-ScBUE | ||
| 005 | 20230514102935.0 | ||
| 008 | 050801s2005 nyua f 001 0 eng d | ||
| 020 | _a1597110140 | ||
| 020 | _a9781597110143 | ||
| 035 | _a(OCoLC)ocm66899278 | ||
| 040 |
_aIMF _beng _erda _cIMF _dGZM _dBAKER _dOCO _dIXA _dDLC _dEG-ScBUE |
||
| 082 | 0 | 4 |
_222 _a770 _bPAN |
| 100 | 1 |
_aPanzer, Mary, _eauthor. |
|
| 245 | 1 | 0 |
_aThings as they are / _cby Mary Panzer ; afterword by Christian Caujolle. |
| 250 | _aFirst Aperture edition. | ||
| 264 | 1 |
_aNew York : _bOperture Foundation, _c2005. |
|
| 300 |
_a384 pages : _billustrations (chiefly color) ; _c31 cm |
||
| 336 |
_2rdacontent _atext _btxt |
||
| 337 |
_2rdamedia _aunmediated _bn |
||
| 338 |
_2rdacarrier _avolume _bnc |
||
| 500 | _a"Photojournalism in context since 1955."--Jacket. | ||
| 500 | _aIncludes index. | ||
| 650 | 7 |
_aPhotojournalism. _2BUEsh |
|
| 653 |
_bART _cMay2023 |
||
| 655 | _vReading book | ||
| 700 | 1 |
_aCaujolle, Christian, _eauthor of introduction, etc. |
|
| 906 |
_a7 _bcbc _ccopycat _d2 _encip _f20 _gy-gencatlg |
||
| 942 |
_2ddc _cBB |
||
| 999 |
_c30356 _d30327 |
||